KOHA-Header-6

Wajih Say Abdul Haq Tak (Record no. 9279)

000 -LEADER
fixed length control field 00265nam a2200109Ia 4500
100 ## - MAIN ENTRY--AUTHOR NAME
Personal name Doctor Syed Abdullah
245 #0 - TITLE STATEMENT
Title Wajih Say Abdul Haq Tak
260 ## - PUBLICATION, DISTRIBUTION, ETC. (IMPRINT)
Place of publication Lahore
Name of publisher Sang-e-Meel
Year of publication 2007
300 ## - PHYSICAL DESCRIPTION
Number of Pages 502
942 ## - ADDED ENTRY ELEMENTS (KOHA)
Koha item type Books
Holdings
Withdrawn status Lost status Collection code Permanent Location Current Location Shelving location Date acquired Full call number Accession Number Koha item type
    Urdu Literature MAJU MAJU   2019-09-14 891.4393 4834 Urdu Literature

Powered by Koha